000 00381 a2200145 4500
999 _c8468
_d8468
020 _a9780743285650
050 _aPR6069STR2013
100 _aStrong, Terence
245 _aSome unholy war /
_cTerence Strong
264 _aLondon
_bSimon and Schuster
_c2013
300 _a504p.
500 _aInclude index
650 _aEnglish Literature--- Fiction
942 _2lcc
_cBK
_h6069
_iSTR
_kPR